<?xml version="1.0" encoding="UTF-8"?>
<record
    xmlns:xsi="http://www.w3.org/2001/XMLSchema-instance"
    xsi:schemaLocation="http://www.loc.gov/MARC21/slim http://www.loc.gov/standards/marcxml/schema/MARC21slim.xsd"
    xmlns="http://www.loc.gov/MARC21/slim">

  <leader>00588nam a22001817a 4500</leader>
  <datafield tag="999" ind1=" " ind2=" ">
    <subfield code="c">185665</subfield>
    <subfield code="d">185665</subfield>
  </datafield>
  <controlfield tag="005">20220208094623.0</controlfield>
  <datafield tag="010" ind1=" " ind2=" ">
    <subfield code="a">ENG-131450</subfield>
  </datafield>
  <datafield tag="020" ind1=" " ind2=" ">
    <subfield code="a">9789178245355</subfield>
    <subfield code="c">795.00</subfield>
  </datafield>
  <datafield tag="035" ind1=" " ind2=" ">
    <subfield code="a">EN-114982</subfield>
  </datafield>
  <datafield tag="037" ind1=" " ind2=" ">
    <subfield code="b">DBAD</subfield>
  </datafield>
  <datafield tag="082" ind1=" " ind2=" ">
    <subfield code="a">355.424</subfield>
  </datafield>
  <datafield tag="100" ind1=" " ind2=" ">
    <subfield code="a">Trautmann, Thomas R.</subfield>
  </datafield>
  <datafield tag="245" ind1=" " ind2=" ">
    <subfield code="a">Elephants and Kings:</subfield>
    <subfield code="b">An Environmental History/</subfield>
    <subfield code="c">Thomas R. Trautmann</subfield>
  </datafield>
  <datafield tag="260" ind1=" " ind2=" ">
    <subfield code="a">Ranikhet</subfield>
    <subfield code="b">Permanent Black</subfield>
    <subfield code="c">2015</subfield>
  </datafield>
  <datafield tag="270" ind1=" " ind2=" ">
    <subfield code="a">Himalayana Mall Road, Ranikhet Cantt</subfield>
    <subfield code="b">Ranikhet</subfield>
    <subfield code="e">263645</subfield>
    <subfield code="m">perblack@gmail.com</subfield>
  </datafield>
  <datafield tag="300" ind1=" " ind2=" ">
    <subfield code="a">xiii, 374p.</subfield>
    <subfield code="b">Index</subfield>
    <subfield code="c">22cm(pbk)</subfield>
  </datafield>
  <datafield tag="942" ind1=" " ind2=" ">
    <subfield code="2">ddc</subfield>
    <subfield code="c">EN</subfield>
    <subfield code="h">355.424</subfield>
    <subfield code="m">TRA</subfield>
  </datafield>
  <datafield tag="952" ind1=" " ind2=" ">
    <subfield code="0">0</subfield>
    <subfield code="1">0</subfield>
    <subfield code="4">0</subfield>
    <subfield code="7">0</subfield>
    <subfield code="8">NFIC</subfield>
    <subfield code="a">BL1</subfield>
    <subfield code="b">BL1</subfield>
    <subfield code="d">2022-02-08</subfield>
    <subfield code="e">DBAD/PUB</subfield>
    <subfield code="g">795.00</subfield>
    <subfield code="l">0</subfield>
    <subfield code="o">355.424 TRA</subfield>
    <subfield code="p">EN-114982</subfield>
    <subfield code="r">2022-02-08 00:00:00</subfield>
    <subfield code="t">1</subfield>
    <subfield code="v">795.00</subfield>
    <subfield code="y">EN</subfield>
  </datafield>
</record>
